000
00302nam a22001337a 4500
008
170811b xxu||||| |||| 00| 0 eng d
020
_a
0155511815
041
_a
eng
080
_2
2ND
_a
51
100
_a
36
101
_a
MAT
245
_a
LOGIC TECHNIQUES FORMAL REASONING
_c
KALISH,D
942
_2
udc
_c
BK
999
_c
23254
_d
23254